100 mots aléatoire Harry potter 1 #1 - Statistiques

Statistiques générales
  • Ce quiz a été pris 63 fois
  • Le résultat moyen est 43 sur 100
Statistiques - réponses
Réponse % Correct
Harry
95%
à
93%
a
93%
d'
93%
Ron
93%
s'
89%
et
87%
l'
87%
c'
82%
il
82%
est
80%
Le
78%
le
78%
de
75%
la
75%
n'
75%
du
64%
—Ou
62%
une
60%
en
58%
ils
58%
ce
55%
qui
51%
pas
49%
que
49%
mais
44%
Poudlard,
42%
Poudlard
42%
avait
40%
étaient
38%
était
38%
ses
36%
Malefoy
31%
aux
29%
avec
29%
avaient
25%
chien
25%
nuit
25%
bien
20%
cette
20%
lendemain,
20%
têtes
20%
yeux
20%
Après
18%
demandé
18%
lorsqu'
18%
trois
18%
vit
18%
pouvait
16%
toujours
16%
aussi
13%
crut
13%
chose
11%
quelque
11%
air
9%
belle
9%
bonne
9%
fatigué,
9%
mine
9%
rencontre
9%
sommeil,
9%
autres.
7%
aventure
7%
beaucoup
7%
hâte
7%
joyeuse.
7%
justifier
7%
révélé
7%
connaître
5%
longuement
5%
protection
5%
valeur,
5%
dissuasive.
4%
existence
4%
finalement
4%
Gringotts
4%
paquet
4%
transféré
4%
trouvaient
4%
Aucun quiz correspondant
Distribution des résultats
% des personnes avec chaque résultat
Percentile par nombre de réponses
Votre historique - résultats
Vous n’avez pas pris ce quiz